00577nmm a2200157Ia 4500008004100000041000800041100003200049245008100081264008400162300001800246490005100264650002900315856005100344942000700395999001700402251105s9999||||xx |||||||||||||||||und|| aspa aGonzález Groba, Constante 0aHijas del viejo sur :b La mujer en la literatura femenina de Estados Unidos a[Madrid, España] :bPublicaciones de la Universidad de Valencia (PUV), c2012 a310 páginas aBiblioteca Javier Coy d'estudis nord-americans aGender and Women Studies uhttps://public.digitaliapublishing.com/a/35098 cCF c98607d98607